ULA Launch Vehicles - Statistics

General Stats
  • This quiz has been taken 23 times
  • The average score is 4 of 5
Answer Stats
Date of First Launch with ULA First Mission Answer % Correct
3/8/2007 STP-1 Atlas V
82%
6/27/2009 GOES-O Delta IV Medium
82%
11/10/2007 DSP-23 Delta IV Heavy
73%
1/8/2024 Peregrine/CERT-1 Vulcan Centaur
73%
12/14/2006 NROL-21 Delta II
64%
No matching quizzes found
Score Distribution
Percent of People with Each Score
Percentile by Number Answered
Your Score History
You have not taken this quiz